Nahjul Balagha : Arabic and Urdu (Record no. 62865)

000 -LEADER
fixed length control field 00506nam a22001697a 4500
003 - CONTROL NUMBER IDENTIFIER
control field NUST - PNEC
005 - DATE AND TIME OF LATEST TRANSACTION
control field 20170116180759.0
008 - FIXED-LENGTH DATA ELEMENTS--GENERAL INFORMATION
fixed length control field 150410b xxu||||| |||| 00| 0 eng d
040 ## - CATALOGING SOURCE
Transcribing agency LIBRARY
082 ## - DEWEY DECIMAL CLASSIFICATION NUMBER
Classification number 297.6 MUH
100 ## - MAIN ENTRY--PERSONAL NAME
9 (RLIN) 2331
Personal name Muhammad Ilyas Adil
245 ## - TITLE STATEMENT
Title Nahjul Balagha : Arabic and Urdu
Statement of responsibility, etc. Muhammad Ilyas Adil
260 ## - PUBLICATION, DISTRIBUTION, ETC.
Place of publication, distribution, etc. Lahore:
Name of publisher, distributor, etc. Mushtaq Books Cornor,
300 ## - PHYSICAL DESCRIPTION
Extent 792 p. :
Dimensions 25 cm.
650 ## - SUBJECT ADDED ENTRY--TOPICAL TERM
9 (RLIN) 2334
Topical term or geographic name entry element Seerat un Nabvi and History of famour sahaba etc.
General subdivision General
942 ## - ADDED ENTRY ELEMENTS (KOHA)
Source of classification or shelving scheme
Koha item type Book
Holdings
Withdrawn status Lost status Source of classification or shelving scheme Damaged status Not for loan Permanent Location Current Location Shelving location Date acquired Source of acquisition Cost, normal purchase price Total Checkouts Full call number Barcode Date last seen Cost, replacement price Price effective from Koha item type
          Pakistan Navy Engineering College (PNEC) Pakistan Navy Engineering College (PNEC)   06/14/2013 ZS Dictionary/Library Reference Grant 650.00   297.6 MUH PNECLIB-031282 04/10/2015 650.00 06/14/2013 Book
© 2023 Central Library, National University of Sciences and Technology. All Rights Reserved.